[Event "AUTO-MASTER-1157"]
[Site "http://www.queenalice.com/game.php?id=796751"]
[Date "2010.6.30"]
[Round "1"]
[White "Alexandrovinsk"]
[Black "capanegra"]
[Result "0-1"]
[WhiteElo "2202"]
[BlackElo "2203"]

1. e4 c5 2. Nf3 a6 3. d4 cxd4 4. Nxd4 Nf6 5. Nc3 e5 6. Nb3 Bb4 7. f3 d5 8. exd5
Nxd5 9. Bd2 Nxc3 10. bxc3 Ba3 11. Bd3 Qh4+ 12. g3 Qh3 13. Bf1 Qe6 14. Bd3 Nd7
15. O-O O-O 16. Qe2 Nf6 17. Rab1 Re8 18. c4 Bd7 19. Bg5 e4 20. fxe4 Nxe4 21.
Qxe4 Qxe4 22. Bxe4 Rxe4 23. Rbd1 Bg4 24. Rd4 Bc5 25. Nxc5 Rxd4 26. Nxb7 Rxc4 27.
Rf4 Rxf4 28. Bxf4 Rc8 29. a3 Rxc2 30. Bd6 Bh3 31. Bb4 Rg2+ 32. Kh1 Rf2 33. Kg1
Rf1# 0-1

[Event "AUTO-MASTER-1157"]
[Site "http://www.queenalice.com/game.php?id=796752"]
[Date "2010.6.30"]
[Round "1"]
[White "capanegra"]
[Black "Alexandrovinsk"]
[Result "1-0"]
[WhiteElo "2215"]
[BlackElo "2180"]

1. e4 c5 2. Nf3 d6 3. d4 cxd4 4. Qxd4 a6 5. c4 Nc6 6. Qd2 Nf6 7. Nc3 g6 8. b3
Bg7 9. Bb2 O-O 10. h3 Qa5 11. Nd5 Qxd2+ 12. Nxd2 Nxd5 13. Bxg7 Kxg7 14. cxd5 Nd4
15. Rd1 Nc2+ 16. Ke2 Bd7 17. Nc4 Bb5 18. Kd2 Bxc4 19. Bxc4 Na3 20. Bd3 Rfc8 21.
Rc1 Kf8 22. Rxc8+ Rxc8 23. Rc1 Rxc1 24. Kxc1 Kg7 25. Kb2 Nb5 26. Bxb5 axb5 27.
Kc3 g5 28. Kb4 Kf6 29. Kxb5 Ke5 30. Kb6 Kxe4 31. Kxb7 Kxd5 32. a4 1-0

[Event "AUTO-MASTER-1157"]
[Site "http://www.queenalice.com/game.php?id=796767"]
[Date "2010.6.30"]
[Round "1"]
[White "WeirdGoblin"]
[Black "capanegra"]
[Result "1/2-1/2"]
[WhiteElo "2247"]
[BlackElo "2234"]

1. d4 Nf6 2. Nf3 e6 3. c4 d5 4. g3 c6 5. Bg2 dxc4 6. O-O Nbd7 7. Qc2 Nb6 8. Nbd2
Bd6 9. e4 Be7 10. Re1 O-O 11. Nxc4 Nxc4 12. Qxc4 a5 13. Bd2 a4 14. a3 Qb6 15.
Bc3 Rd8 16. Rad1 Qc7 17. Ne5 Qb6 18. Kh1 Rf8 19. f4 Ne8 20. Qe2 Nf6 21. g4 Nd7
22. Nf3 Bd6 23. e5 Be7 24. Rf1 Qd8 25. Nd2 Nb6 26. Ne4 Nd5 27. Rf3 f5 28. exf6
Bxf6 29. g5 Be7 30. Rdf1 Qe8 31. Bd2 b6 32. Qf2 Qg6 33. Rh3 e5 34. Rh4 exf4 35.
Bxf4 h6 36. Qe1 hxg5 37. Bxg5 Rxf1+ 38. Bxf1 Bf5 39. Bxe7 Re8 40. Nc3 Rxe7 41.
Qg3 Qxg3 42. hxg3 Re1 43. Kg2 Nxc3 44. bxc3 Be6 45. Kf2 Ra1 46. d5 Bxd5 47. Rxa4
b5 48. Ra7 Rc1 49. a4 bxa4 50. Rxa4 Rxc3 51. Rf4 Kh7 52. Be2 g5 1/2-1/2

[Event "AUTO-MASTER-1157"]
[Site "http://www.queenalice.com/game.php?id=796768"]
[Date "2010.6.30"]
[Round "1"]
[White "capanegra"]
[Black "WeirdGoblin"]
[Result "1-0"]
[WhiteElo "2234"]
[BlackElo "2288"]

1. e4 e6 2. Nf3 d5 3. Nc3 Nf6 4. e5 Nfd7 5. d4 c5 6. dxc5 Nc6 7. Bf4 Bxc5 8. Bd3
f6 9. exf6 Nxf6 10. O-O O-O 11. Ne5 Ne4 12. Bxe4 Rxf4 13. Nd3 Bxf2+ 14. Nxf2
dxe4 15. Qxd8+ Nxd8 16. Nfxe4 Rxf1+ 17. Rxf1 Nc6 18. Nd6 Nd4 19. Rd1 e5 20. Re1
Nc6 21. Nd5 Bg4 22. Ne3 Be6 23. Nxb7 Rb8 24. Nc5 Bxa2 25. b3 Nd4 26. Nd3 e4 27.
Nc5 Rc8 28. b4 Bf7 29. Rd1 Ne2+ 30. Kf2 Nc3 31. Rd7 a5 32. bxa5 Be8 33. Re7 Kf8
34. Re5 Bc6 35. Nf5 Re8 36. Rxe8+ Kxe8 37. Nxg7+ Ke7 38. Nf5+ Kf6 39. g4 h5 40.
Nd4 Ba8 41. gxh5 Kg5 42. Nce6+ Kxh5 43. a6 Nd5 44. c4 Nb4 45. Nc7 Nxa6 46. Nxa6
Kh4 47. c5 Kh3 48. Kg1 e3 49. Nb4 1-0

[Event "AUTO-MASTER-1157"]
[Site "http://www.queenalice.com/game.php?id=796779"]
[Date "2010.6.30"]
[Round "1"]
[White "capanegra"]
[Black "devagar"]
[Result "1-0"]
[WhiteElo "2230"]
[BlackElo "1963"]

1. e4 c5 2. Nf3 d6 3. d4 cxd4 4. Qxd4 Nc6 5. Bb5 Bd7 6. Bxc6 Bxc6 7. c4 Nf6 8.
Nc3 e5 9. Qd3 Be7 10. O-O O-O 11. Rd1 Nd7 12. Be3 b6 13. Nd5 Bxd5 14. Qxd5 Nf6
15. Qd3 Qc7 16. a4 Rac8 17. b3 Rfd8 18. a5 Qc6 19. Nd2 h6 20. axb6 axb6 21. Ra7
Rd7 22. Rda1 Rxa7 23. Rxa7 Bd8 24. b4 Ng4 25. b5 Qe8 26. Nf1 Nxe3 27. Nxe3 g6
28. Qxd6 Bg5 29. Qxb6 Bxe3 30. fxe3 Rxc4 31. Qf6 Rb4 32. Re7 Qf8 33. Qxe5 Qg7
34. Qb8+ Kh7 35. e5 h5 36. Qe8 1-0

[Event "AUTO-MASTER-1157"]
[Site "http://www.queenalice.com/game.php?id=796780"]
[Date "2010.6.30"]
[Round "1"]
[White "devagar"]
[Black "capanegra"]
[Result "0-1"]
[WhiteElo "1976"]
[BlackElo "2226"]

1. e4 c5 2. Nf3 a6 3. d4 cxd4 4. Nxd4 Nf6 5. Bd3 e5 6. Ne2 d5 7. exd5 Nxd5 8.
O-O Nb4 9. Nbc3 Nxd3 10. Qxd3 Qxd3 11. cxd3 Nc6 12. Be3 b5 13. Nd5 Bd6 14. Nb6
Rb8 15. Nxc8 Rxc8 16. Rac1 O-O 17. d4 f5 18. dxe5 Bxe5 19. b3 Nb4 20. Rxc8 Rxc8
21. f4 Bf6 22. Bd4 Rc2 23. Bxf6 Rxe2 24. Be5 Rxa2 25. Rd1 Nc6 26. Rd6 Nxe5 27.
fxe5 h5 28. e6 Kf8 29. Rd7 g6 30. Rf7+ Ke8 31. Rg7 Rb2 32. Rxg6 Rxb3 33. Rg5 a5
34. Rxf5 a4 35. h3 a3 36. Rf2 Rb2 0-1

[Event "AUTO-MASTER-1157"]
[Site "http://www.queenalice.com/game.php?id=883644"]
[Date "2011.1.9"]
[Round "2"]
[White "capanegra"]
[Black "alederp"]
[Result "1-0"]
[WhiteElo "2261"]
[BlackElo "2284"]

1. e4 e5 2. Nf3 Nc6 3. Bb5 Bc5 4. c3 Nf6 5. d4 exd4 6. e5 Nd5 7. O-O O-O 8. cxd4
Be7 9. Qb3 Nb6 10. d5 Nb8 11. Re1 Nxd5 12. Qxd5 c6 13. Qe4 cxb5 14. Nc3 a6 15.
Nd5 Nc6 16. Bf4 h6 17. Rad1 a5 18. Qd3 b4 19. Be3 Ra6 20. Qb5 Na7 21. Bxa7 Rxa7
22. Rc1 Ra8 23. Nb6 Rb8 24. Red1 Bg5 25. Nxg5 Qxg5 26. Rc5 Qg4 27. Rdc1 d5 28.
exd6 Be6 29. Qd3 Bxa2 30. Rxa5 Be6 31. Rd1 Qh4 32. Qd4 Qxd4 33. Rxd4 b3 34. f4
Rfd8 35. Kf2 g6 36. Kf3 Kg7 37. g4 f5 38. h3 fxg4+ 39. hxg4 Bd7 40. Kg3 Bc6 41.
d7 Rf8 42. Rd6 Rbd8 43. Re5 Rf7 44. Ree6 g5 45. f5 h5 46. gxh5 Rxf5 47. Rh6 Kf7
48. Rdg6 Ke7 49. Rh7+ Rf7 50. Nc8+ Kxd7 51. Rd6+ Kxc8 52. Rxd8+ Kxd8 53. Rxf7
Be8 54. Rh7 1-0

[Event "AUTO-MASTER-1157"]
[Site "http://www.queenalice.com/game.php?id=883645"]
[Date "2011.1.9"]
[Round "2"]
[White "alederp"]
[Black "capanegra"]
[Result "0-1"]
[WhiteElo "2342"]
[BlackElo "2247"]

1. e4 d6 2. Nf3 g6 3. d4 Bg7 4. Bc4 Nf6 5. Nc3 O-O 6. O-O Bg4 7. h3 Bxf3 8. Qxf3
Nc6 9. Be3 Nd7 10. Rad1 e5 11. d5 Nd4 12. Bxd4 exd4 13. Nb5 Qh4 14. Qe2 Rae8 15.
f3 Be5 16. Qf2 Qf4 17. g4 Nb6 18. Bb3 c5 19. dxc6 bxc6 20. Nxa7 c5 21. a3 c4 22.
Ba2 Na4 23. Rb1 Re7 24. Nc6 Rc7 25. Nb4 Nb6 26. Rfe1 Ra8 27. h4 Ra4 28. h5 gxh5
29. gxh5 Rc5 30. Qg2+ Kh8 31. Nd5 Nxd5 32. exd5 f5 33. Kf1 Rc8 34. Qh1 Rg8 35.
Rbd1 Rg3 36. Kf2 Rg4 0-1

[Event "AUTO-MASTER-1157"]
[Site "http://www.queenalice.com/game.php?id=883646"]
[Date "2011.1.9"]
[Round "2"]
[White "capanegra"]
[Black "Rafaelpimentel"]
[Result "1/2-1/2"]
[WhiteElo "2262"]
[BlackElo "2229"]

1. e4 c6 2. d4 d5 3. Nd2 dxe4 4. Nxe4 Nd7 5. Bc4 Ngf6 6. Ng5 e6 7. Qe2 Nd5 8.
Bd2 Bd6 9. N1f3 Bf4 10. O-O Bxd2 11. Qxd2 h6 12. Ne4 Qe7 13. Rae1 O-O 14. Ne5
Nxe5 15. dxe5 a5 16. Nd6 f6 17. f4 b5 18. Bd3 a4 19. a3 Qc7 20. Kh1 Bd7 21. Qe2
Rad8 22. Qe4 f5 23. Qf3 Be8 24. c4 bxc4 25. Bxc4 Rb8 26. Rb1 g5 27. g3 Qa7 28.
h3 Kh8 29. b4 axb3 30. Rxb3 Rxb3 31. Bxb3 Bg6 32. Ra1 Rb8 33. Rg1 Qc5 34. Bxd5
cxd5 35. Kh2 Qc2+ 36. Rg2 Qc1 37. Qf2 Qxa3 38. Qc2 Qa7 39. Qc3 1/2-1/2

[Event "AUTO-MASTER-1157"]
[Site "http://www.queenalice.com/game.php?id=883647"]
[Date "2011.1.9"]
[Round "2"]
[White "Rafaelpimentel"]
[Black "capanegra"]
[Result "1/2-1/2"]
[WhiteElo "2217"]
[BlackElo "2248"]

1. Nf3 Nf6 2. b3 g6 3. Bb2 Bg7 4. e3 d5 5. Be2 O-O 6. O-O c5 7. d4 cxd4 8. exd4
Nc6 9. Nbd2 Bf5 10. c4 dxc4 11. Nxc4 Rc8 12. Rc1 Bh6 13. Ne3 Be4 14. Nd2 Bd5 15.
Ndc4 Bf4 16. g3 Bh6 17. Nxd5 Nxd5 18. f4 Bg7 19. Qd2 e6 20. Bf3 Qe7 21. Kh1 Rfd8
22. Ba3 Qd7 23. Ne5 Qe8 24. Kg1 Rc7 25. Bb2 h6 26. Ba3 Kh7 27. Bg2 f6 28. Nxc6
Rxc6 1/2-1/2

[Event "AUTO-OPEN-3489"]
[Site "http://www.queenalice.com/game.php?id=1362077"]
[Date "2015.5.28"]
[Round "1"]
[White "capanegra"]
[Black "knightsdefence"]
[Result "1-0"]
[WhiteElo "2279"]
[BlackElo "1375"]

1. e4 c5 2. Nf3 Nc6 3. Bb5 a6 4. Bxc6 bxc6 5. b3 d6 6. Bb2 e5 7. d3 Nf6 8. Nbd2
Be7 9. Nc4 Bd7 10. a4 a5 11. O-O Qc7 12. Bc3 Bd8 13. Re1 1-0

[Event "AUTO-OPEN-3489"]
[Site "http://www.queenalice.com/game.php?id=1362104"]
[Date "2015.5.28"]
[Round "1"]
[White "capanegra"]
[Black "Cesar"]
[Result "1-0"]
[WhiteElo "2274"]
[BlackElo "1599"]

1. e4 e5 2. Nf3 Nc6 3. Bb5 a6 4. Bxc6 bxc6 5. Nc3 d5 6. exd5 cxd5 7. Nxe5 Qg5 8.
Nf3 Qxg2 9. Qe2+ Be6 10. Rg1 Qh3 11. Nxd5 Bd6 12. d4 Ne7 13. Nxe7 Bxe7 14. Rxg7
Bd5 15. Bg5 Qe6 16. Qxe6 Bxe6 17. Bxe7 Kxe7 18. O-O-O Rhg8 19. Rdg1 Rgd8 20. a3
h5 21. Ne5 Rd6 22. Rh7 Rb8 23. Rgg7 Kf6 24. Nxf7 Bxf7 25. Rxf7+ Kg5 26. Rhg7+
Kh4 27. Rf4+ 1-0

[Event "AUTO-OPEN-3489"]
[Site "http://www.queenalice.com/game.php?id=1362105"]
[Date "2015.5.28"]
[Round "1"]
[White "Cesar"]
[Black "capanegra"]
[Result "0-1"]
[WhiteElo "1597"]
[BlackElo "2275"]

1. e4 c5 2. Bc4 Nc6 3. Nf3 e6 4. a3 d5 5. exd5 exd5 6. Bb5 Bd6 7. O-O Ne7 8. Re1
O-O 9. c3 Bg4 10. h3 Bh5 11. Ba4 Bxf3 12. Qxf3 Ne5 13. Qe2 N7g6 14. d4 Nc6 15.
Bxc6 bxc6 16. Be3 Re8 17. Nd2 cxd4 18. cxd4 f5 19. Nf3 f4 20. Ne5 fxe3 21. fxe3
Nxe5 22. dxe5 Rxe5 23. Rac1 Qb6 24. Rc3 Rae8 25. b4 c5 26. Qc2 cxb4 27. axb4
Bxb4 28. Rc8 Bxe1 29. Rxe8+ Rxe8 30. Qa4 Qxe3+ 0-1

[Event "AUTO-OPEN-3489"]
[Site "http://www.queenalice.com/game.php?id=1362106"]
[Date "2015.5.28"]
[Round "1"]
[White "capanegra"]
[Black "Black_bishop"]
[Result "1-0"]
[WhiteElo "2277"]
[BlackElo "1396"]

1. e4 c6 2. Nf3 d5 3. Nc3 Bg4 4. exd5 cxd5 5. h3 Bxf3 6. Qxf3 e6 7. d4 Bb4 8. a3
Bxc3+ 9. Qxc3 a6 10. Qg3 Qf6 11. Qc7 Nd7 12. c3 Rb8 13. Bd3 Qd8 14. Qg3 g6 15.
O-O Ngf6 16. Bh6 Rg8 17. Bg5 b5 18. Rfe1 Rc8 19. Qf3 Ke7 20. Qxd5 h6 21. Bxf6+
Nxf6 22. Qb7+ Qd7 23. Qxa6 Rb8 24. Re5 Nd5 25. Rae1 Rb6 26. Rxd5 Rxa6 27. Rxd7+
Kxd7 28. Bxb5+ Rc6 29. Re5 Kc7 30. Bxc6 Kxc6 31. Rc5+ Kb6 32. a4 Ra8 33. a5+
Rxa5 34. Rxa5 Kxa5 35. c4 Kb4 36. b3 f6 37. f4 f5 38. Kf2 Ka5 39. c5 Kb5 40. b4
Kc6 41. Ke3 Kb5 42. Kd3 g5 43. g3 g4 44. h4 h5 45. Kc3 Kc6 46. Kc4 Kd7 47. b5
Kc7 48. c6 Kd6 49. Kb4 Kc7 50. Kc5 Kd8 51. Kd6 1-0

[Event "AUTO-OPEN-3489"]
[Site "http://www.queenalice.com/game.php?id=1362107"]
[Date "2015.5.28"]
[Round "1"]
[White "Black_bishop"]
[Black "capanegra"]
[Result "0-1"]
[WhiteElo "1363"]
[BlackElo "2276"]

1. d4 d6 2. e4 e5 3. dxe5 dxe5 4. Qxd8+ Kxd8 5. Nf3 f6 6. Bc4 Bc5 7. O-O c6 8.
Nc3 Nd7 9. Rd1 Kc7 10. Bxg8 Rxg8 11. h3 Nb6 12. b3 g5 13. Nh2 h5 14. Be3 Bxe3
15. fxe3 Be6 16. Rd3 Rad8 17. Rad1 Nd7 18. Na4 b5 19. Nb2 Nc5 20. Rxd8 Rxd8 21.
Rxd8 Kxd8 22. Nd3 Nxe4 23. Nf3 Ke7 24. Nb4 Kd6 25. Nd3 Nc3 26. a3 e4 27. Nxg5
exd3 28. Nxe6 dxc2 29. Nf4 c1=Q+ 30. Kh2 Qxe3 31. Nxh5 Qe5+ 32. Ng3 Ne2 0-1

[Event "AUTO-OPEN-3489"]
[Site "http://www.queenalice.com/game.php?id=1394090"]
[Date "2015.11.14"]
[Round "2"]
[White "capanegra"]
[Black "rsgaspar"]
[Result "1-0"]
[WhiteElo "2275"]
[BlackElo "2546"]

1. e4 c5 2. Nf3 Nc6 3. Bb5 e6 4. Bxc6 bxc6 5. b3 d5 6. Nc3 Nf6 7. d3 Ba6 8. e5
Nd7 9. O-O Be7 10. Qd2 Qa5 11. Re1 Rb8 12. h3 Bd8 13. Bb2 Qb4 14. Qc1 O-O 15.
Ne2 Re8 16. c4 Qb6 17. Nf4 Nf8 18. Bc3 Bb7 19. Qd2 h6 20. Kh2 d4 21. Bb2 Bc7 22.
Bc1 Ra8 23. Qe2 a5 24. Rb1 Reb8 25. Bd2 Bd8 26. Qe4 Qc7 27. Rb2 Be7 28. a4 Qd8
29. h4 Ra7 30. Nh5 Ng6 31. Kh3 Bc8 32. Ng3 Qe8 33. Kh2 Qd8 34. Qg4 Kh8 35. h5
Nh4 36. Nxh4 Bxh4 37. Ne4 Be7 38. Qf3 Qf8 39. Qf4 Bd7 40. Kg1 Rb6 41. Reb1 Kg8
42. Qg4 Kh8 43. Qg3 f5 44. Nd6 Ra8 45. Bf4 Bd8 46. Qg6 Kg8 47. Bxh6 Bc7 48. Bf4
Bxd6 49. exd6 Qf7 50. Re2 Qxg6 51. hxg6 Rb7 52. Re5 Kf8 53. g4 Re8 54. Rxc5 Ra8
55. Re1 fxg4 56. Kg2 Kg8 57. Rh1 1-0

[Event "AUTO-OPEN-3489"]
[Site "http://www.queenalice.com/game.php?id=1394091"]
[Date "2015.11.14"]
[Round "2"]
[White "rsgaspar"]
[Black "capanegra"]
[Result "1-0"]
[WhiteElo "2507"]
[BlackElo "2280"]

1. e4 c5 2. Nf3 a6 3. c3 e6 4. d4 d5 5. exd5 Qxd5 6. Be2 Nc6 7. O-O Nf6 8. Be3
cxd4 9. Nxd4 e5 10. c4 Qd7 11. Nxc6 Qxc6 12. Nc3 Bc5 13. Bf3 Qd6 14. Qxd6 Bxd6
15. Rad1 Bb4 16. Nd5 Nxd5 17. Bxd5 O-O 18. Bb6 Bg4 19. a3 Bxd1 20. Rxd1 Be7 21.
Bxb7 Rae8 22. Rd7 Bf6 23. Bxa6 Re7 24. Rxe7 Bxe7 25. c5 Ra8 26. Bb5 Bd8 27. a4
1-0